<?xml version="1.0" encoding="UTF-8"?>
<record
    xmlns:xsi="http://www.w3.org/2001/XMLSchema-instance"
    xsi:schemaLocation="http://www.loc.gov/MARC21/slim http://www.loc.gov/standards/marcxml/schema/MARC21slim.xsd"
    xmlns="http://www.loc.gov/MARC21/slim">

  <leader>00977    a2200229   4500</leader>
  <controlfield tag="001">118305</controlfield>
  <datafield tag="020" ind1=" " ind2=" ">
    <subfield code="a">9788574125503</subfield>
  </datafield>
  <datafield tag="020" ind1=" " ind2=" ">
    <subfield code="q">broch.</subfield>
  </datafield>
  <datafield tag="041" ind1=" " ind2=" ">
    <subfield code="a">eng</subfield>
  </datafield>
  <datafield tag="082" ind1=" " ind2=" ">
    <subfield code="a">028</subfield>
  </datafield>
  <datafield tag="100" ind1=" " ind2=" ">
    <subfield code="a">Prieto, Heloisa</subfield>
  </datafield>
  <datafield tag="520" ind1=" " ind2=" ">
    <subfield code="a">Neste belo livro, a autora e a ilustradora prop&#xF5;em novas leituras de contos cl&#xE1;ssicos como Chapeuzinho Vermelho, Os tr&#xEA;s porquinhos e o Gato de botas, entre outros. Leitores jovens, ou nem tanto, ir&#xE3;o se surpreender com as vers&#xF5;es aqui apresentadas, que mant&#xEA;m o esp&#xED;rito das hist&#xF3;rias tradicionais ao mesmo tempo em que atualizam seus contextos.</subfield>
  </datafield>
  <datafield tag="697" ind1=" " ind2=" ">
    <subfield code="a">Contos de Fada</subfield>
  </datafield>
  <datafield tag="856" ind1=" " ind2=" ">
    <subfield code="u">00002f/00002fb6.jpg</subfield>
  </datafield>
  <datafield tag="040" ind1=" " ind2=" ">
    <subfield code="a">BR-BrIDEA</subfield>
    <subfield code="c">BR-BrIDEA</subfield>
  </datafield>
  <datafield tag="090" ind1=" " ind2=" ">
    <subfield code="a">Year 3 028</subfield>
    <subfield code="b">PRI</subfield>
  </datafield>
  <datafield tag="245" ind1="1" ind2="0">
    <subfield code="a">O guardi&#xE3;o da floresta</subfield>
    <subfield code="b">e outras hist&#xF3;rias que voc&#xEA; j&#xE1; conhece</subfield>
    <subfield code="c">Heloisa Prieto ; Ilustra&#xE7;&#xF5;es Laurabeatriz</subfield>
  </datafield>
  <datafield tag="260" ind1=" " ind2=" ">
    <subfield code="a">S&#xE3;o Paulo</subfield>
    <subfield code="b">Brinque-Book</subfield>
    <subfield code="c">2017</subfield>
  </datafield>
  <datafield tag="300" ind1=" " ind2=" ">
    <subfield code="a">70 p.</subfield>
    <subfield code="b">col. ill.</subfield>
  </datafield>
  <datafield tag="700" ind1=" " ind2=" ">
    <subfield code="a">Laurabeatriz</subfield>
    <subfield code="e">ilustradora</subfield>
  </datafield>
  <datafield tag="942" ind1=" " ind2=" ">
    <subfield code="c">BK</subfield>
  </datafield>
  <datafield tag="952" ind1=" " ind2=" ">
    <subfield code="0">0</subfield>
    <subfield code="1">0</subfield>
    <subfield code="2">ddc</subfield>
    <subfield code="4">0</subfield>
    <subfield code="7">0</subfield>
    <subfield code="a">12.28</subfield>
    <subfield code="b">12.28</subfield>
    <subfield code="d">2022-04-06</subfield>
    <subfield code="l">0</subfield>
    <subfield code="o">Year 3 028 PRI</subfield>
    <subfield code="p">00058021SSW</subfield>
    <subfield code="r">2024-01-23 15:01:09</subfield>
    <subfield code="w">2024-01-23</subfield>
    <subfield code="y">BK</subfield>
  </datafield>
  <datafield tag="952" ind1=" " ind2=" ">
    <subfield code="0">0</subfield>
    <subfield code="1">0</subfield>
    <subfield code="4">0</subfield>
    <subfield code="7">0</subfield>
    <subfield code="a">12.29</subfield>
    <subfield code="b">12.29</subfield>
    <subfield code="d">2024-03-27</subfield>
    <subfield code="l">0</subfield>
    <subfield code="o">028.5 P949g</subfield>
    <subfield code="p">2A433</subfield>
    <subfield code="r">2024-03-27 22:40:12</subfield>
    <subfield code="w">2024-03-27</subfield>
    <subfield code="y">BK</subfield>
  </datafield>
  <datafield tag="999" ind1=" " ind2=" ">
    <subfield code="c">118305</subfield>
    <subfield code="d">118305</subfield>
  </datafield>
</record>
